00753nam a2200217 a 450000100060000000300080000600500170001400800410003103500190007204000270009104100080011808200220012610000380014824501490018625000380033526000410037330000330041465000240044770000340047170000300050570125BD-RjUL20211209081951.0170416s1910 nyua 000 0 eng d a(BD-RjUL)70337 aDLCcOCldBD-RjULbeng aeng 223a547bHOT 19101 aHolleman, Arnold Frederik,d1859-02aA text-book of organic chemistry /cBy A. F. Holleman, ed. by A. Jamieson Walker, assisted by Owen E. Mott, with the co-operation of the author. a3d English ed., partly rewritten. aNew York :bJ. Wiley & sons ,c1910. axx, 599 p. :bill. ;c24 cm. 0aChemistry, Organic.1 aWalker, Andrew Jamieson,eed.1 aMott, Owen E.,ejoint ed.